Les noms de héros de My Hero Academia - Statistiques

Statistiques générales
  • Ce quiz a été pris 93 fois
  • Le résultat moyen est 12 sur 19
Statistiques - réponses
Hint Réponse % Correct
Izuku Midorya Deku
99%
Ochaco Uraraka Uravity
93%
Shoto Todoroki Shoto
86%
Tsuyu Asui Froppy
83%
Eijiro Kirishima Red Riot
83%
Tenya Iida Ingenium
74%
Momo Yaoyorozu Creaty
70%
Kyoka Jiro Earphone Jack
65%
Toru Hagakure Invisible Girl
62%
Mina Ashido Pinky
61%
Rikido Sato Sugar Man
58%
Mashiaro Ojiro Tail Man
57%
Hanta Sero Cellophane
54%
Katsuki Bakugo Dynamight
54%
Koji Koda Anima
52%
Minoru Mineta Grape Juice
52%
Mezo Shoji Tentapoulpe
45%
Fumikage Tokoyami Tsukuyomi
45%
Yuga Aoyama Can't stop twinkling
43%
Aucun quiz correspondant
Distribution des résultats
% des personnes avec chaque résultat
Percentile par nombre de réponses
Votre historique - résultats
Vous n’avez pas pris ce quiz